[Event "Cappelle op 40th"]
[Site "Cappelle la Grande"]
[Date "2024.03.08"]
[Round "9"]
[White "Riff, Jean Noel"]
[Black "Nikolov, Momchil"]
[Result "1/2-1/2"]
[WhiteElo "2401"]
[BlackElo "2453"]
[PlyCount "39"]
[EventDate "2024.03.02"]
[EventType "swiss"]
[EventRounds "9"]
[EventCountry "FRA"]
[SourceTitle "CB11_2024"]
[SourceDate "2024.03.13"]
[SourceVersion "1"]
[SourceVersionDate "2024.03.13"]
[SourceQuality "1"]

1. e4 c5 2. Nf3 e6 3. c3 d5 4. e5 Nc6 5. d4 cxd4 6. cxd4 Nge7 7. Na3 Nf5 8. Nc2 Be7 9. Bd3 Bd7 10. 0-0 h5 11. a3 Na5 12. Bd2 Nb3 13. Rb1 Nxd2 14. Qxd2 g6 15. Ne3 Rc8 16. Rfc1 Rxc1+ 17. Rxc1 Nxe3 18. Qxe3 Qb6 19. h3 Rf8 20. Rc2 1/2-1/2

[Event "Cappelle op 40th"]
[Site "Cappelle la Grande"]
[Date "2024.03.04"]
[Round "4"]
[White "Nikolov, Momchil"]
[Black "Lacan Rus, David"]
[Result "1/2-1/2"]
[WhiteElo "2453"]
[BlackElo "2169"]
[PlyCount "31"]
[EventDate "2024.03.02"]
[EventType "swiss"]
[EventRounds "9"]
[EventCountry "FRA"]
[SourceTitle "CB11_2024"]
[SourceDate "2024.03.13"]
[SourceVersion "1"]
[SourceVersionDate "2024.03.13"]
[SourceQuality "1"]

1. e4 c5 2. Nf3 Nc6 3. d4 cxd4 4. Nxd4 Nf6 5. Nc3 e5 6. Ndb5 d6 7. Bg5 a6 8. Na3 b5 9. Nab1 Be6 10. a4 Nd4 11. Bd3 b4 12. Ne2 Nc6 13. 0-0 Be7 14. Nd2 d5 15. Ng3 0-0 16. Re1 1/2-1/2

[Event "Pozarevac Rudar GM3 11"]
[Site "Pozarevac"]
[Date "2023.11.23"]
[Round "8"]
[White "Zemlyanskii, Ivan"]
[Black "Nikolov, Momchil"]
[Result "1/2-1/2"]
[WhiteElo "2368"]
[BlackElo "2462"]
[PlyCount "22"]
[EventDate "2023.11.17"]
[EventType "tourn"]
[EventRounds "9"]
[EventCountry "SRB"]
[EventCategory "7"]
[SourceTitle "CB49_2023"]
[SourceDate "2023.12.06"]
[SourceVersion "1"]
[SourceVersionDate "2023.12.06"]
[SourceQuality "1"]

1. d4 Nf6 2. c4 e6 3. Bf4 Bb4+ 4. Nd2 c5 5. dxc5 Bxc5 6. e3 0-0 7. Ngf3 b6 8. Be2 Bb7 9. 0-0 Nc6 10. Ne5 Nxe5 11. Bxe5 Be7 1/2-1/2

[Event "Pozarevac Rudar GM2 11"]
[Site "Pozarevac"]
[Date "2023.11.16"]
[Round "9.2"]
[White "Namitbir, Singh Walia"]
[Black "Nikolov, Momchil"]
[Result "1/2-1/2"]
[WhiteElo "2364"]
[BlackElo "2462"]
[PlyCount "27"]
[EventDate "2023.11.09"]
[EventType "schev"]
[EventRounds "9"]
[EventCountry "SRB"]
[SourceTitle "CB47_2023"]
[SourceDate "2023.11.22"]
[SourceVersion "1"]
[SourceVersionDate "2023.11.22"]
[SourceQuality "1"]
[WhiteTeam "Team D"]
[BlackTeam "Team A"]
[WhiteTeamCountry "SRB"]
[BlackTeamCountry "SRB"]

1. e4 e5 2. Nf3 Nf6 3. Nxe5 d6 4. Nf3 Nxe4 5. d4 d5 6. Bd3 Nc6 7. 0-0 Be7 8. Nbd2 Bf5 9. Re1 Nxd2 10. Qxd2 Bxd3 11. Qxd3 0-0 12. Bf4 Bd6 13. Bxd6 Qxd6 14. c3 1/2-1/2

[Event "Pozarevac Rudar GM2 11"]
[Site "Pozarevac"]
[Date "2023.11.14"]
[Round "7.3"]
[White "Nikolov, Momchil"]
[Black "Defromont, Benjamin"]
[Result "0-1"]
[WhiteElo "2462"]
[BlackElo "2406"]
[PlyCount "96"]
[EventDate "2023.11.09"]
[EventType "schev"]
[EventRounds "9"]
[EventCountry "SRB"]
[SourceTitle "CB47_2023"]
[SourceDate "2023.11.22"]
[SourceVersion "1"]
[SourceVersionDate "2023.11.22"]
[SourceQuality "1"]
[WhiteTeam "Team A"]
[BlackTeam "Team B"]
[WhiteTeamCountry "SRB"]
[BlackTeamCountry "SRB"]

1. d4 Nf6 2. c4 g6 3. Nc3 Bg7 4. e4 d6 5. Nf3 0-0 6. Be2 e5 7. Be3 Bg4 8. d5 a5 9. Nd2 Bd7 10. c5 Ne8 11. 0-0 Na6 12. cxd6 Nxd6 13. Nc4 Qh4 14. Nxd6 cxd6 15. Qb3 b5 16. Bxb5 Rfb8 17. Qc4 Rc8 18. Qe2 Bxb5 19. Qxb5 Bh6 20. Qe2 Bxe3 21. Qxe3 Nc5 22. Rac1 Rab8 23. b3 Rb4 24. f3 Rcb8 25. Rc2 f5 26. exf5 gxf5 27. Ne2 a4 28. bxa4 Rxa4 29. Rd1 f4 30. Qf2 Qxf2+ 31. Kxf2 Ra3 32. Nc3 Rb4 33. Rdd2 Kf7 34. g3 Ke7 35. Kg2 Kd7 36. Nd1 e4 37. Rc3 Rxc3 38. Nxc3 e3 39. Re2 Nd3 40. Ne4 Rb1 41. Kh3 Rf1 42. Kg2 Rd1 43. Nc3 Rc1 44. Ne4 Ne1+ 45. Kh3 Nxf3 46. Rb2 e2 47. Nf6+ Kd8 48. Rb8+ Kc7 0-1

[Event "Pozarevac Rudar GM2 11"]
[Site "Pozarevac"]
[Date "2023.11.13"]
[Round "6.3"]
[White "Boyer, Mahel"]
[Black "Nikolov, Momchil"]
[Result "1/2-1/2"]
[WhiteElo "2463"]
[BlackElo "2462"]
[PlyCount "55"]
[EventDate "2023.11.09"]
[EventType "schev"]
[EventRounds "9"]
[EventCountry "SRB"]
[SourceTitle "CB47_2023"]
[SourceDate "2023.11.22"]
[SourceVersion "1"]
[SourceVersionDate "2023.11.22"]
[SourceQuality "1"]
[WhiteTeam "Team B"]
[BlackTeam "Team A"]
[WhiteTeamCountry "SRB"]
[BlackTeamCountry "SRB"]

1. e4 e5 2. Nf3 Nf6 3. Nxe5 d6 4. Nf3 Nxe4 5. Bd3 Nf6 6. 0-0 Be7 7. c3 Bg4 8. Bc2 0-0 9. d4 Bh5 10. Bg5 Nbd7 11. Nbd2 Re8 12. Re1 c6 13. Nf1 Qa5 14. Bf4 Bg6 15. Bxg6 hxg6 16. Qb3 Nb6 17. Bg5 Bf8 18. Ng3 Qd5 19. h4 Rxe1+ 20. Rxe1 Re8 21. Rxe8 Nxe8 22. Bd8 Qxb3 23. axb3 Nd5 24. Bg5 f6 25. Bd2 Ndc7 26. Kf1 d5 27. Ke2 Bd6 28. Kf1 1/2-1/2

[Event "Plovdiv Tringov Memorial 45th"]
[Site "Plovdiv"]
[Date "2023.08.12"]
[Round "9"]
[White "Nikolov, Momchil"]
[Black "Dimitrov, Radoslav"]
[Result "1/2-1/2"]
[WhiteElo "2475"]
[BlackElo "2504"]
[PlyCount "28"]
[EventDate "2023.08.06"]
[EventType "swiss"]
[EventRounds "9"]
[EventCountry "BUL"]
[SourceTitle "EXT 2024"]
[Source "ChessBase"]
[SourceDate "2023.10.10"]
[SourceVersion "1"]
[SourceVersionDate "2023.10.10"]
[SourceQuality "1"]

1. e4 e5 2. Nf3 Nc6 3. d4 exd4 4. Nxd4 Nf6 5. Nxc6 bxc6 6. e5 Qe7 7. Qe2 Nd5 8. h4 d6 9. c4 Nb6 10. exd6 cxd6 11. Nc3 Be6 12. b3 d5 13. cxd5 Nxd5 14. Bb2 Qc5 1/2-1/2

[Event "Shumen Stojan Ivanov Memorial"]
[Site "Shumen"]
[Date "2023.07.29"]
[Round "8"]
[White "Nikolov, Momchil"]
[Black "Drenchev, Petar"]
[Result "1-0"]
[WhiteElo "2497"]
[BlackElo "2345"]
[PlyCount "93"]
[EventDate "2023.07.28"]
[EventType "swiss (rapid)"]
[EventRounds "11"]
[EventCountry "BUL"]
[SourceTitle "CBM 215 Extra"]
[Source "ChessBase"]
[SourceDate "2023.09.30"]
[SourceVersion "1"]
[SourceVersionDate "2023.09.30"]
[SourceQuality "1"]

1. Nf3 Nf6 2. c4 g6 3. Nc3 d5 4. cxd5 Nxd5 5. Qb3 Nb6 6. d4 Bg7 7. Bf4 Be6 8. Qa3 Nc6 9. e3 0-0 10. Be2 Nd5 11. Bg3 Ncb4 12. Rc1 c5 13. 0-0 cxd4 14. Nxd4 Bxd4 15. exd4 Qb6 16. Ne4 Nc6 17. Nc5 Nxd4 18. Bc4 Rac8 19. Nxe6 fxe6 20. b3 Qc5 21. Qb2 b5 22. Bxd5 Qxd5 23. h3 Rfd8 24. Rfe1 Rxc1 25. Qxc1 Nf5 26. Qf4 Kf7 27. Kh2 Qd2 28. Qe5 Rd6 29. Re2 Qd3 30. Re1 Qd2 31. Re2 Qd3 32. Re4 a6 33. f3 Qd5 34. Qh8 Nxg3 35. Qxh7+ Kf8 36. Qh8+ Kf7 37. Kxg3 g5 38. Re5 Qd2 39. Qh5+ Kf6 40. Re4 Rc6 41. a4 bxa4 42. bxa4 a5 43. Qh8+ Kf7 44. Qh7+ Kf6 45. h4 gxh4+ 46. Rxh4 Qe1+ 47. Kh2 1-0

[Event "Shumen Stojan Ivanov Memorial"]
[Site "Shumen"]
[Date "2023.07.29"]
[Round "5"]
[White "Petrov, Martin"]
[Black "Nikolov, Momchil"]
[Result "1/2-1/2"]
[WhiteElo "2431"]
[BlackElo "2497"]
[PlyCount "128"]
[EventDate "2023.07.28"]
[EventType "swiss (rapid)"]
[EventRounds "11"]
[EventCountry "BUL"]
[SourceTitle "CBM 215 Extra"]
[Source "ChessBase"]
[SourceDate "2023.09.30"]
[SourceVersion "1"]
[SourceVersionDate "2023.09.30"]
[SourceQuality "1"]

1. e4 c5 2. Nf3 e6 3. d4 cxd4 4. Nxd4 Nc6 5. Nc3 Qc7 6. Be2 a6 7. 0-0 Nf6 8. Be3 Be7 9. f4 d6 10. Kh1 0-0 11. Qe1 Nxd4 12. Bxd4 b5 13. Qg3 Bb7 14. a3 Bc6 15. Rae1 Rad8 16. Qe3 Qb7 17. Bf3 a5 18. b4 axb4 19. axb4 d5 20. e5 Ne4 21. Bxe4 dxe4 22. Bc5 Bxc5 23. bxc5 Rc8 24. Rb1 b4 25. Na2 Qa7 26. Nxb4 Bb5 27. Rfd1 Qxc5 28. Qxe4 Rc7 29. h3 g6 30. Rd4 Kg7 31. Rbd1 Rfc8 32. Qe1 Qe7 33. Kh2 Rc3 34. Qf2 R8c4 35. Rxc4 Rxc4 36. Nd3 Bc6 37. Rd2 Be4 38. Qe3 Qc7 39. Nf2 Bf5 40. Qg3 Rxc2 41. Rxc2 Qxc2 42. Qe3 h5 43. Kg3 Qc7 44. Qd4 Qe7 45. Nd1 h4+ 46. Kh2 Qa3 47. Qf2 Qe7 48. Nc3 g5 49. Nb5 gxf4 50. Qxf4 Kg6 51. Nd6 Qg5 52. Qf2 Kg7 53. Ne8+ Kg6 54. Nd6 f6 55. Nxf5 Qxf5 56. Qxh4 Qxe5+ 57. Qg3+ Qg5 58. h4 Qxg3+ 59. Kxg3 e5 60. Kf3 f5 61. g4 fxg4+ 62. Kxg4 e4 63. Kf4 Kh5 64. Kxe4 Kxh4 1/2-1/2

[Event "Paleochora op 16th"]
[Site "Paleochora"]
[Date "2023.07.25"]
[Round "8"]
[White "Marinakis, Hristos"]
[Black "Nikolov, Momchil"]
[Result "0-1"]
[WhiteElo "2119"]
[BlackElo "2494"]
[PlyCount "166"]
[EventDate "2023.07.19"]
[EventType "swiss"]
[EventRounds "9"]
[EventCountry "GRE"]
[SourceTitle "EXT 2024"]
[Source "ChessBase"]
[SourceDate "2023.10.10"]
[SourceVersion "1"]
[SourceVersionDate "2023.10.10"]
[SourceQuality "1"]

1. e4 c5 2. d3 Nc6 3. g3 d5 4. Nd2 Nf6 5. Bg2 e5 6. exd5 Nxd5 7. Ngf3 Be7 8. 0-0 0-0 9. Nc4 f6 10. c3 Be6 11. a4 Qd7 12. Qe2 Rad8 13. Rd1 Nxc3 14. bxc3 Bxc4 15. Ne1 Bd5 16. Bb2 f5 17. Nf3 Bf6 18. c4 Bf7 19. Nxe5 Nxe5 20. Bxe5 Rfe8 21. f4 Bxe5 22. fxe5 b6 23. a5 Qd4+ 24. Qf2 Rxe5 25. Qxd4 Rxd4 26. axb6 axb6 27. Rdb1 Rd6 28. Ra6 Rxd3 29. Ra8+ Be8 30. Rxb6 Rd1+ 31. Kf2 Rd2+ 32. Kf1 Kf8 33. Rbb8 Rd1+ 34. Kf2 Rd2+ 35. Kf1 Rde2 36. Bc6 g5 37. h3 Re1+ 38. Kg2 R5e2+ 39. Kf3 Re3+ 40. Kf2 R1e2+ 41. Kf1 h5 42. Ra1 Kg7 43. Bf3 Rd2 44. Ra7+ Kf6 45. Rb6+ Re6 46. Rxe6+ Kxe6 47. Bd5+ Kd6 48. Ra6+ Ke7 49. Re6+ Kd8 50. Rf6 Bd7 51. Rh6 Be8 52. Rf6 g4 53. h4 Bd7 54. Rh6 f4 55. gxf4 g3 56. Rg6 Bg4 57. f5 Bxf5 58. Rxg3 Bg4 59. Kg1 Rd4 60. Re3 Kd7 61. Re4 Rd2 62. Bf7 Kd6 63. Bd5 Bf5 64. Re8 Rd4 65. Rd8+ Ke5 66. Re8+ Kf4 67. Rg8 Bg4 68. Kf2 Rd2+ 69. Ke1 Re2+ 70. Kf1 Rc2 71. Rg7 Kg3 72. Ke1 Re2+ 73. Kf1 Rd2 74. Re7 Rd1+ 75. Re1 Rxe1+ 76. Kxe1 Kxh4 77. Kf2 Kg5 78. Ke3 Kf5 79. Bb7 Ke5 80. Bg2 h4 81. Bf1 h3 82. Bd3 h2 83. Be4 Be6 0-1

[Event "Paleochora op 16th"]
[Site "Paleochora"]
[Date "2023.07.23"]
[Round "6"]
[White "Ollenberger, Roland"]
[Black "Nikolov, Momchil"]
[Result "0-1"]
[WhiteElo "2288"]
[BlackElo "2494"]
[PlyCount "106"]
[EventDate "2023.07.19"]
[EventType "swiss"]
[EventRounds "9"]
[EventCountry "GRE"]
[SourceTitle "EXT 2024"]
[Source "ChessBase"]
[SourceDate "2023.10.10"]
[SourceVersion "1"]
[SourceVersionDate "2023.10.10"]
[SourceQuality "1"]

1. e4 c5 2. Nf3 e6 3. b3 b6 4. d4 cxd4 5. Nxd4 Bb7 6. Bd3 Bc5 7. Bb2 Qf6 8. c3 Nc6 9. 0-0 Nxd4 10. cxd4 Bxd4 11. Bxd4 Qxd4 12. Na3 a6 13. Nc4 b5 14. Na5 Bc6 15. a4 Rb8 16. Qf3 Ne7 17. Rfd1 Qe5 18. axb5 axb5 19. Qe3 0-0 20. f4 Nd5 21. fxe5 Nxe3 22. Rdc1 Ng4 23. Nxc6 dxc6 24. Rc5 Ra8 25. Rac1 Ra2 26. h3 Ne3 27. Bf1 Rb2 28. Rxc6 Rxb3 29. R6c3 Rxc3 30. Rxc3 Nxf1 31. Kxf1 h5 32. Rb3 Rb8 33. Rb4 h4 34. Ke2 Kh7 35. Ke3 Kh6 36. Kf4 Kh5 37. Ke3 g5 38. Kf3 Rb7 39. Ke3 g4 40. Kf4 g3 41. Ke3 Kg5 42. Rb3 Ra7 43. Rxb5 Ra3+ 44. Kd4 Ra2 45. Rb8 Kf4 46. Rh8 Rd2+ 47. Kc3 Rxg2 48. Rxh4+ Kxe5 49. Kd3 f5 50. exf5 exf5 51. Ke3 Rf2 52. Rh5 Kf6 53. h4 f4+ 0-1

[Event "FRA-chT Top 16 Gp Basse"]
[Site "Chartres"]
[Date "2023.06.08"]
[Round "1.4"]
[White "Nikolov, Momchil"]
[Black "Philippe, Guillaume"]
[Result "0-1"]
[WhiteElo "2506"]
[BlackElo "2350"]
[PlyCount "102"]
[EventDate "2023.06.08"]
[EventType "team-tourn"]
[EventRounds "4"]
[EventCountry "FRA"]
[SourceTitle "CBM 214 Extra"]
[Source "ChessBase"]
[SourceDate "2023.07.31"]
[SourceVersion "1"]
[SourceVersionDate "2023.07.31"]
[SourceQuality "1"]
[WhiteTeam "Cappelle la Grande"]
[BlackTeam "Marseille"]
[WhiteTeamCountry "FRA"]
[BlackTeamCountry "FRA"]

1. d4 Nf6 2. c4 e6 3. Nf3 Bb4+ 4. Nbd2 0-0 5. a3 Be7 6. e4 d6 7. Bd3 Nfd7 8. b4 e5 9. d5 a5 10. Bb2 c6 11. 0-0 cxd5 12. cxd5 Nb6 13. h3 Bd7 14. b5 a4 15. Qe2 Be8 16. Bc3 N8d7 17. Bb4 f5 18. Nc4 Nxc4 19. Bxc4 fxe4 20. Nd2 Nb6 21. Ba2 Qd7 22. Nxe4 Qxb5 23. Qxb5 Bxb5 24. Rfc1 Nc8 25. Rc3 Be8 26. Rac1 Bf7 27. Rc7 Bg6 28. f3 Bxe4 29. fxe4 Bg5 30. R1c3 b6 31. Bc4 g6 32. Ba6 Rxa6 33. Rxc8 Be3+ 34. Kh2 Bc5 35. Rc6 Bxb4 36. axb4 a3 37. Rc1 a2 38. Ra1 Rf2 39. b5 Ra4 40. Rxb6 Rxe4 41. Ra6 Ree2 42. Rg1 Rb2 43. b6 Rfd2 44. h4 h5 45. Ra7 Rxd5 46. Rf1 Rdd2 47. b7 Rxg2+ 48. Kh3 Rgc2 49. b8Q+ Rxb8 50. Rf3 Rb1 51. Rfa3 a1Q 0-1

[Event "FRA-chT Top 16 GpA"]
[Site "Chartres"]
[Date "2023.06.07"]
[Round "7.1"]
[White "Mamedov, Rauf"]
[Black "Nikolov, Momchil"]
[Result "1/2-1/2"]
[WhiteElo "2646"]
[BlackElo "2506"]
[PlyCount "131"]
[EventDate "2023.06.01"]
[EventType "team-tourn"]
[EventRounds "7"]
[EventCountry "FRA"]
[SourceTitle "CBM 214 Extra"]
[Source "ChessBase"]
[SourceDate "2023.07.31"]
[SourceVersion "1"]
[SourceVersionDate "2023.07.31"]
[SourceQuality "1"]
[WhiteTeam "Chartres"]
[BlackTeam "Cappelle la Grande"]
[WhiteTeamCountry "FRA"]
[BlackTeamCountry "FRA"]

1. e4 c5 2. Nc3 d6 3. Nf3 Nf6 4. g3 Nc6 5. Bg2 g6 6. 0-0 Bg7 7. Re1 Bg4 8. h3 Bxf3 9. Bxf3 0-0 10. Bg2 Rb8 11. a4 a6 12. d3 e6 13. Ne2 b5 14. axb5 axb5 15. Be3 Qc7 16. c3 b4 17. Ra6 bxc3 18. bxc3 Rb6 19. Rxb6 Qxb6 20. Qa4 Rb8 21. Ra1 Ne8 22. Rc1 Qb5 23. Qxb5 Rxb5 24. f4 Rb2 25. Kf1 Bf8 26. Ra1 Nc7 27. Ke1 h5 28. Kd1 Be7 29. Bc1 Rb5 30. Bd2 Ra5 31. Rb1 Rb5 32. Rc1 Rb2 33. Ra1 Kf8 34. Kc1 Rb6 35. Kc2 Ra6 36. Rb1 Ra2+ 37. Kd1 Ke8 38. Nc1 Ra5 39. Rb2 Kd7 40. Nb3 Ra4 41. Ke2 Na5 42. Nxa5 Rxa5 43. c4 Ra3 44. e5 d5 45. Bf3 Ra4 46. Rb6 Ra2 47. h4 dxc4 48. dxc4 Ra3 49. Bc6+ Kc8 50. Be1 Ra2+ 51. Kd3 Ra1 52. Ke2 Rc1 53. Bb7+ Kd7 54. Bc6+ Kc8 55. Bb5 Nxb5 56. cxb5 Bd8 57. Rc6+ Kd7 58. Ra6 Rb1 59. Ra7+ Ke8 60. Rb7 c4 61. Bc3 Rb3 62. Kd2 Be7 63. Kc2 Bc5 64. Be1 Bd4 65. Rb8+ Ke7 66. Rc8 1/2-1/2

[Event "Stuttgart op"]
[Site "Ditzingen"]
[Date "2023.05.20"]
[Round "6"]
[White "Nikolov, Momchil"]
[Black "Dimitrov, Radoslav"]
[Result "1/2-1/2"]
[WhiteElo "2506"]
[BlackElo "2488"]
[PlyCount "32"]
[EventDate "2023.05.18"]
[EventType "swiss"]
[EventRounds "7"]
[EventCountry "GER"]
[SourceTitle "CBM 214 Extra"]
[Source "ChessBase"]
[SourceDate "2023.07.31"]
[SourceVersion "1"]
[SourceVersionDate "2023.07.31"]
[SourceQuality "1"]

1. e4 c5 2. Nf3 Nc6 3. d4 cxd4 4. Nxd4 e5 5. Nf5 d5 6. Qxd5 Qxd5 7. exd5 Bxf5 8. dxc6 bxc6 9. Bd3 Bxd3 10. cxd3 Nf6 11. Nc3 Nd5 12. Ke2 Kd7 13. Na4 Nb6 14. Nc3 Nd5 15. Na4 Nb6 16. Nc3 Nd5 1/2-1/2

[Event "Arandjelovac op 1st"]
[Site "Arandjelovac"]
[Date "2023.03.19"]
[Round "6"]
[White "Stefansson, Vignir Vatnar"]
[Black "Nikolov, Momchil"]
[Result "1/2-1/2"]
[WhiteElo "2461"]
[BlackElo "2494"]
[PlyCount "61"]
[EventDate "2023.03.15"]
[EventType "swiss"]
[EventRounds "9"]
[EventCountry "SRB"]
[SourceTitle "CBM 213 Extra"]
[Source "ChessBase"]
[SourceDate "2023.05.31"]
[SourceVersion "1"]
[SourceVersionDate "2023.05.31"]
[SourceQuality "1"]

1. d4 Nf6 2. c4 e6 3. g3 d5 4. Bg2 Bb4+ 5. Nd2 0-0 6. Ngf3 dxc4 7. Qc2 b5 8. a4 Bb7 9. axb5 Qd5 10. 0-0 Qxb5 11. Qxc4 a6 12. Ne5 Bxg2 13. Kxg2 Nbd7 14. Nc6 Bd6 15. b3 Qb6 16. e4 Bc5 17. Qa4 Nb8 18. Nxb8 Bxd4 19. Nc6 Bxa1 20. Nc4 Qb5 21. Ba3 Bc3 22. Rc1 Nxe4 23. f3 Bd2 24. Rc2 Nc3 25. Qxb5 axb5 26. Nxd2 Rxa3 27. Rxc3 Ra2 28. Rd3 Rc2 29. Nb4 Rb2 30. Nc6 Rc2 31. Nb4 1/2-1/2

[Event "Arandjelovac op 1st"]
[Site "Arandjelovac"]
[Date "2023.03.18"]
[Round "5"]
[White "Nikolov, Momchil"]
[Black "Dimitrov, Radoslav"]
[Result "1/2-1/2"]
[WhiteElo "2494"]
[BlackElo "2500"]
[PlyCount "47"]
[EventDate "2023.03.15"]
[EventType "swiss"]
[EventRounds "9"]
[EventCountry "SRB"]
[SourceTitle "CBM 213 Extra"]
[Source "ChessBase"]
[SourceDate "2023.05.31"]
[SourceVersion "1"]
[SourceVersionDate "2023.05.31"]
[SourceQuality "1"]

1. e4 c5 2. Nf3 d6 3. d4 cxd4 4. Nxd4 Nf6 5. Nc3 a6 6. Bg5 e6 7. f4 Qb6 8. Qd2 h6 9. Bh4 Qxb2 10. Nb3 Be7 11. Bxf6 Bxf6 12. Na4 Qa3 13. Nb6 Bxa1 14. Nxa1 Qc5 15. Nxa8 b5 16. Nb3 Qc6 17. Na5 Qxa8 18. Qxd6 Qxe4+ 19. Be2 Qxc2 20. Qxb8 0-0 21. Qd6 Qc1+ 22. Bd1 Qe3+ 23. Be2 Qc1+ 24. Bd1 1/2-1/2

[Event "Arandjelovac op 1st"]
[Site "Arandjelovac"]
[Date "2023.03.16"]
[Round "3"]
[White "Kosic, Dragan"]
[Black "Nikolov, Momchil"]
[Result "1/2-1/2"]
[WhiteElo "2387"]
[BlackElo "2494"]
[PlyCount "48"]
[EventDate "2023.03.15"]
[EventType "swiss"]
[EventRounds "9"]
[EventCountry "SRB"]
[SourceTitle "CBM 213 Extra"]
[Source "ChessBase"]
[SourceDate "2023.05.31"]
[SourceVersion "1"]
[SourceVersionDate "2023.05.31"]
[SourceQuality "1"]

1. d4 Nf6 2. c4 e6 3. Nf3 Bb4+ 4. Bd2 Bxd2+ 5. Qxd2 0-0 6. Nc3 d5 7. e3 Qe7 8. Bd3 dxc4 9. Bxc4 c5 10. 0-0 Rd8 11. Qe2 Nc6 12. Rad1 Bd7 13. a3 Rac8 14. Ba2 Be8 15. Rd2 a6 16. Rfd1 cxd4 17. exd4 Rd6 18. h3 Rcd8 19. Qe3 Qc7 20. d5 exd5 21. Nxd5 Nxd5 22. Bxd5 Ne7 23. Bb3 Rxd2 24. Rxd2 h6 1/2-1/2

[Event "Arandjelovac op 1st"]
[Site "Arandjelovac"]
[Date "2023.03.16"]
[Round "2"]
[White "Nikolov, Momchil"]
[Black "Milosevic, Milos"]
[Result "1/2-1/2"]
[WhiteElo "2494"]
[BlackElo "2347"]
[PlyCount "75"]
[EventDate "2023.03.15"]
[EventType "swiss"]
[EventRounds "9"]
[EventCountry "SRB"]
[SourceTitle "CBM 213 Extra"]
[Source "ChessBase"]
[SourceDate "2023.05.31"]
[SourceVersion "1"]
[SourceVersionDate "2023.05.31"]
[SourceQuality "1"]

1. d4 Nf6 2. c4 g6 3. Nc3 d5 4. cxd5 Nxd5 5. Bd2 Bg7 6. e4 Nb6 7. Be3 0-0 8. h3 e5 9. Nf3 exd4 10. Bxd4 Nc6 11. Bxg7 Kxg7 12. Bb5 Qxd1+ 13. Rxd1 Bd7 14. 0-0 a6 15. Be2 Rad8 16. Nd4 Nxd4 17. Rxd4 Bc6 18. Rfd1 Rxd4 19. Rxd4 Kf6 20. f4 Ke7 21. Kf2 f5 22. e5 g5 23. fxg5 Ke6 24. Bf3 Bxf3 25. gxf3 Kxe5 26. Rh4 Rf7 27. f4+ Kd4 28. Rh6 Nc4 29. Ne2+ Kd3 30. b3 Nd6 31. Ng3 Ne4+ 32. Nxe4 fxe4 33. Rf6 Rd7 34. Re6 c5 35. Re5 Kd4 36. Re6 Kd3 37. Re5 Kd4 38. Re6 1/2-1/2

[Event "Cannes op 36th"]
[Site "Cannes"]
[Date "2023.02.26"]
[Round "9"]
[White "Nikolov, Momchil"]
[Black "Klimkowski, Jan"]
[Result "0-1"]
[WhiteElo "2480"]
[BlackElo "2461"]
[PlyCount "64"]
[EventDate "2023.02.20"]
[EventType "swiss"]
[EventRounds "9"]
[EventCountry "FRA"]
[SourceTitle "CBM 212 Extra"]
[Source "ChessBase"]
[SourceDate "2023.03.31"]
[SourceVersion "1"]
[SourceVersionDate "2023.03.31"]
[SourceQuality "1"]

1. Nf3 Nf6 2. c4 c5 3. d4 cxd4 4. Nxd4 e5 5. Nb5 d5 6. cxd5 Bc5 7. N5c3 0-0 8. g3 Ng4 9. e3 f5 10. h3 Nf6 11. Bg2 Nbd7 12. Nd2 e4 13. Nc4 Rb8 14. a4 Bb4 15. 0-0 Nc5 16. Na2 Nxd5 17. Nxb4 Nxb4 18. Bd2 Nbd3 19. b4 Be6 20. Na5 Nd7 21. Qb1 Qf6 22. Ra3 Rfc8 23. Nxb7 Rxb7 24. Rxd3 exd3 25. Bxb7 Rc2 26. Be1 Ne5 27. f4 Nc4 28. Qb3 Qd8 29. Bf2 Qd7 30. Rd1 Nb2 31. Rxd3 Rc1+ 32. Kh2 Nxd3 0-1

[Event "Cannes op 36th"]
[Site "Cannes"]
[Date "2023.02.24"]
[Round "7"]
[White "Nikolov, Momchil"]
[Black "Rodrigue Lemieux, Shawn"]
[Result "1-0"]
[WhiteElo "2480"]
[BlackElo "2457"]
[PlyCount "97"]
[EventDate "2023.02.20"]
[EventType "swiss"]
[EventRounds "9"]
[EventCountry "FRA"]
[SourceTitle "CBM 212 Extra"]
[Source "ChessBase"]
[SourceDate "2023.03.31"]
[SourceVersion "1"]
[SourceVersionDate "2023.03.31"]
[SourceQuality "1"]

1. d4 Nf6 2. c4 e6 3. Nf3 d5 4. Nc3 Bb4 5. cxd5 exd5 6. Bg5 h6 7. Bxf6 Qxf6 8. Qa4+ Nc6 9. e3 0-0 10. Rc1 Qg6 11. Qd1 Rd8 12. h3 Be6 13. Bd3 Qf6 14. a3 Bf8 15. 0-0 a6 16. Na4 Bd6 17. Nc5 Bc8 18. Re1 b6 19. Na4 Ne7 20. Nc3 Bb7 21. b4 c5 22. bxc5 bxc5 23. Rb1 Rab8 24. a4 c4 25. e4 Bc7 26. e5 Qe6 27. Bc2 Ba5 28. Qd2 Bc6 29. Nh4 Qd7 30. Ra1 Qb7 31. Ra2 Bd7 32. Re3 g5 33. Rf3 Kg7 34. Rf6 Ng8 35. Nf5+ Bxf5 36. Rxf5 Ne7 37. Rf6 Qb4 38. Qe2 Ng8 39. Qf3 Qb7 40. Rb2 Qa7 41. Rxb8 Rxb8 42. Nxd5 Bd8 43. Qe4 Qb7 44. Rf3 Kf8 45. e6 f6 46. Qf5 Qg7 47. Ne3 Rc8 48. d5 Qc7 49. Qg6 1-0